| 000 | 00511nam a2200181Ia 4500 | ||
|---|---|---|---|
| 005 | 20250508150844.0 | ||
| 008 | 008 250505s9999 xx 000 0 eng d | ||
| 037 | _aTextual | ||
| 040 |
_aFEDL _beng _cFEDL |
||
| 041 |
_aeng _2eng |
||
| 084 |
_a371.44, PES _qFEDL |
||
| 100 |
_aPestalozzi Heinrich _9757827 |
||
| 245 | 0 | _aEducation of man : Aphorisms | |
| 260 |
_aNew York, USA _bPhilosophical Library _c1951 |
||
| 300 | _axii,93p | ||
| 942 |
_cTEXL _h371.44, PES |
||
| 999 |
_c1326119 _d1326119 |
||